| 000 | 00555nam a22001817a 4500 | ||
|---|---|---|---|
| 005 | 20240429133648.0 | ||
| 008 | 240429b |||||||| |||| 00| 0 eng d | ||
| 020 | _a9780409113693 | ||
| 041 | _aEnglish | ||
| 082 | _a343.7 PRA | ||
| 100 | _lEnglish | ||
| 245 |
_aA Practical Guide to the South African Competition Act / _cM Neuhoff et al. |
||
| 250 | _aSecond Edition | ||
| 260 |
_aDurban: _bLexisNexis (Pty) Ltd, _c2017 |
||
| 300 |
_bxl, 589 pages; _c25 cm. |
||
| 650 |
_aLegal practice _bLaw |
||
| 942 |
_cBK _6ALISON_BN_VRIES |
||
| 999 |
_c1577 _d1577 |
||